000 00532nam a2200217Ia 4500
005 20250425162437.0
008 250425s9999 xx 000 0 und d
020 _a0824747046
041 _aeng
082 _a551.49
100 _aMAZOR, EMANUEL
245 0 _aCHEMICAL AND ISOTOPIC GROUNDWATER HYDROLOGY
250 _a3RD ED.
260 _aEstados Unidos
_bMARCEL DEKKER
_c2004
260 _aNEW YORK
300 _a453
650 _aAGUAS SUBTERRANEAS
650 _aHIDROLOGIA QUIMICA
942 _c01
010 _a74380
999 _c229349
_d229349